| 000 | 00846nam a2200205Ii 4500 | ||
|---|---|---|---|
| 003 | JO-AjNU | ||
| 008 | 230605s9999||||xx |||||||||||||| ||und|| | ||
| 040 |
_aJO-AjNU _bara _erda _cJO-AjNU |
||
| 041 | _aara | ||
| 050 | 1 | 4 | _aHV697 .A9982 2000 |
| 100 | 3 |
_aتأليف: العزة، سعيد حسني , _eauthor _929416 |
|
| 245 | 0 | 0 | _aالارشاد الاسري : نظرياته واساليبه العلاجية |
| 250 | _aط1 | ||
| 264 | 3 | 1 | _aعمان: مكتبة دار الثقافة للنشر والتوزيع، 2000 |
| 300 |
_a203ص _bيحتوي على ببلوغرافية من 200-203ص |
||
| 336 |
_atext _btxt _2rdacontent |
||
| 337 |
_aunmediated _bn _2rdamedia |
||
| 338 |
_avolume _bnc _2rdacarrier |
||
| 650 | 4 |
_aالاسرة - العلاقات الاسرية - الارشاد الجماعي - جوانب اجتماعية _929417 |
|
| 999 |
_aA11536 _c15104 _d15104 |
||